Quiz sulla Norvegia - Statistics

Statistiche generali
  • Questo quiz è stato fatto 1.576 volte
  • Il punteggio medio è 10 su 24
Statistiche sulle risposte
Domanda Risposta % Corretto
Capitale Oslo
99%
Stati confinanti Svezia
91%
Stati confinanti Finlandia
89%
Stati confinanti Russia
84%
Mare che si trova tra Norvegia e Gran Bretagna Mare del Nord
81%
Dipinse "L'urlo" Edvard Munch
74%
Stretta insenatura costiera con fianchi ripidi Fiordo
71%
Seconda città più grande Bergen
50%
Sport invernale i cui partecipanti competono in due specialità, il tiro a segno con la carabina e lo sci di fondo. Biathlon
45%
Fondatore del primo insediamento norvegese in Groenlandia {Erik} il Rosso
44%
Arcipelago che rappresenta la parte più settentrionale della Norvegia Svalbard
37%
Cognomi più comuni {Ol}sen
33%
Maggiore esportazione Petrolio
32%
Cognomi più comuni {Ander}sen
23%
Città che ha ospitato i Giochi Olimpici Invernali del 1994 Lillehammer
23%
La prima persona a raggiungere il Polo Sud Roald Amundsen
22%
Cognomi più comuni {Han}sen
19%
È considerato il padre della drammaturgia moderna (indizio: scrisse "Casa di bambola") Henrik Ibsen
19%
Parola di quattro lettere che indica una raccolta di storie che riguardano antichi popoli scandinavi Saga
19%
Città più settentrionale del mondo (popolazione> 10.000) Hammerfest
14%
Cognomi più comuni {Johan}sen
14%
Cognomi più comuni {Lar}sen
13%
Piatto tradizionale a base di stoccafisso o baccalà marinato nella liscivia Lutefisk
6%
Tre volte campionessa olimpica di pattinaggio artistico Sonja Henie
5%
Nessun quiz corrispondente trovato
Distribuzione punteggi
Percentuale di utenti per punteggio
Percentile per numero di risposta
I tuoi punteggi nel tempo
Non hai fatto questo quiz